000
00324nam a2200133Ia 4500
008
191201s1980 xx 000 0 und d
082
_a
621.8
_b
SHM
100
_a
PANDEY ,P C
245
0
_a
Modern Machining Processes
260
_a
N.Delhi
_b
Tata Mc Graw Hill
_c
1980
300
_a
168
650
_a
B.Tech(IT)
942
_2
ddc
_c
BK
999
_c
3256
_d
3256